000 00330nam a2200133Ia 4500
008 220217s9999||||xx |||||||||||||| ||und||
082 _a624 RAG
100 _aRaghupathi, K
245 0 _aElements of civil engineering
250 _a2nd
260 _aShiva book centre
_bBangalore
_c2001
300 _b135
650 _aCIVIL
999 _c170545
_d170545